<?xml version="1.0" encoding="UTF-8"?>
<collection xmlns="http://www.loc.gov/MARC21/slim">
 <record>
  <leader>02300nam a2200373 a 4500</leader>
  <controlfield tag="001">TVCDKTCT1013</controlfield>
  <controlfield tag="003">Thư viện trường Cao đẳng Kỹ thuật Cao Thắng</controlfield>
  <controlfield tag="005">20221025140900.000</controlfield>
  <controlfield tag="008">050805</controlfield>
  <datafield tag="980" ind1="\" ind2="\">
   <subfield code="a">Thư viện Trường CĐ Kỹ Thuật Cao Thắng</subfield>
  </datafield>
  <datafield tag="024" ind1=" " ind2=" ">
   <subfield code="a">RG_1 #1 eb0 i1</subfield>
  </datafield>
  <datafield tag="041" ind1="0" ind2="#">
   <subfield code="a">vie</subfield>
  </datafield>
  <datafield tag="082" ind1="#" ind2="#">
   <subfield code="a">621.82 / </subfield>
   <subfield code="b">L250T-đ</subfield>
  </datafield>
  <datafield tag="100" ind1="1" ind2="#">
   <subfield code="a">Lê Văn Tiến</subfield>
  </datafield>
  <datafield tag="245" ind1="0" ind2="0">
   <subfield code="a">Đồ gá cơ khí hoá và tự động hoá / </subfield>
   <subfield code="c">Lê Văn Tiến, Trần Xuân Việt, Trần Văn Địch</subfield>
  </datafield>
  <datafield tag="250" ind1="#" ind2="#">
   <subfield code="a">In lần thứ 1</subfield>
  </datafield>
  <datafield tag="260" ind1="#" ind2="#">
   <subfield code="a">H. : </subfield>
   <subfield code="b">Khoa học và kỹ thuật , </subfield>
   <subfield code="c">1999</subfield>
  </datafield>
  <datafield tag="300" ind1="#" ind2="#">
   <subfield code="a">162tr. ; </subfield>
   <subfield code="c">24cm</subfield>
  </datafield>
  <datafield tag="520" ind1="#" ind2="#">
   <subfield code="a">Chương 1: Thiết kế đồ gá chuyên dùng trên máy công cụ vạn năng thông thường.</subfield>
  </datafield>
  <datafield tag="520" ind1="#" ind2="#">
   <subfield code="a">Chương 2: Dụng cụ phụ.</subfield>
  </datafield>
  <datafield tag="520" ind1="#" ind2="#">
   <subfield code="a">Chương 3: Đồ gá lắp ghép.</subfield>
  </datafield>
  <datafield tag="520" ind1="#" ind2="#">
   <subfield code="a">Chương 4: Đồ gá kiểm tra.</subfield>
  </datafield>
  <datafield tag="520" ind1="#" ind2="#">
   <subfield code="a">Chương 5: Tiêu chuẩn hoá và linh hoạt hoá trang bị công nghệ.</subfield>
  </datafield>
  <datafield tag="520" ind1="#" ind2="#">
   <subfield code="a">Chương 6: Trang bị công nghệ dùng trong dây chuyền gia công linh hoạt và tự động hoá (FMS).</subfield>
  </datafield>
  <datafield tag="520" ind1="#" ind2="#">
   <subfield code="a">Cuốn &quot;Đồ gá cơ khí hoá và tự động hoá&quot; trình bày những vấn đề cơ bản sau đây :</subfield>
  </datafield>
  <datafield tag="520" ind1="#" ind2="#">
   <subfield code="a">Nội dung của cuốn sách tập trung trình bày phương pháp tính toán và thiết kế đồ gá máy cắt kim loại trên cơ sở kết hợp vận dụng kiến thức và kinh nghiệm của các môn học khác thuộc lĩnh vực chuyên môn Cơ khí chế tạo máy, góp phấn đảm bảo và nâng cao hiệu quả kinh tế của ngành cơ khí, phù hợp với điều kiện sản xuất hiện tại và xu hướng phát triển tất yếu.</subfield>
  </datafield>
  <datafield tag="650" ind1="#" ind2="4">
   <subfield code="a">Đồ gá</subfield>
  </datafield>
  <datafield tag="653" ind1="#" ind2="#">
   <subfield code="a">Jigs and Fixtures</subfield>
  </datafield>
  <datafield tag="653" ind1="#" ind2="4">
   <subfield code="a">Mechanical Engineering Technology</subfield>
  </datafield>
  <datafield tag="700" ind1="0" ind2="#">
   <subfield code="a">Trần Văn Địch</subfield>
  </datafield>
  <datafield tag="700" ind1="0" ind2="#">
   <subfield code="a">Trần Xuân Việt</subfield>
  </datafield>
  <datafield tag="721" ind1="#" ind2="#">
   <subfield code="a">CNKT Cơ điện tử</subfield>
  </datafield>
  <datafield tag="721" ind1="#" ind2="#">
   <subfield code="a">CNKT Cơ khí</subfield>
  </datafield>
  <datafield tag="841" ind1="#" ind2="#">
   <subfield code="b">Kho Sách </subfield>
   <subfield code="j">100002002, 100002003, 100002004, 100002064, 100015396</subfield>
  </datafield>
 </record>
</collection>
